| 000 | 00549nam a22001937a 4500 | ||
|---|---|---|---|
| 003 | OSt | ||
| 008 | 260502b |||||||| |||| 00| 0 eng d | ||
| 082 |
_a635.26 _bS15G |
||
| 100 | _aShree, Sangeeta. | ||
| 245 |
_aGenotype X Environment Interaction Studies in Garlic (Allium sativum L.) / _cby Sangeeta Shree |
||
| 260 |
_a.- Sabour, Bhagalpur _b: Bihar Agricultural College, RAU _c, 2002 |
||
| 300 | _a103p. | ||
| 502 |
_bPh. D. _d2002 |
||
| 650 | _aHorticulture | ||
| 650 | _aGarlic | ||
| 650 | _aThesis | ||
| 650 | _aPh. D. | ||
| 942 |
_2ddc _cT |
||
| 999 |
_c50369 _d50369 |
||